000 00747nam a22002177a 4500
003 UA-OsUOA
001 120920
007 ta
008 20170227b un ||||| |||| 00| 0 ukr d
100 _aЗагарій В.П.
090 _a330(477)
_bЗ-14
942 _cSA
040 _aUA-OsUOA
_bukr
_cUA-OsUOA
_dUA-OsUOA
245 _aМіграційні фінанси як інвестиційний ресурс розвитку бізнес-середовища об'єднаних територіальних громад
300 _aС.8-12
955 _a0
041 _aukr
080 _a330(477)
773 0 _w120918
_tЕкономіка. Фінанси. Право.
_dК.
_d2017
_g1
650 7 _a330 Економіка взагалі
_2UDC
999 _c407035
_d407035